000 00827nam a2200253 i 4500
003 DO-SdBNP
005 20240611104115.0
007 ta
008 240611s2024 dr 000 0 spa d
020 _a9789945943146
040 _aDO-SdBNP
_bspa
_cBNPHU
_erda
082 4 _bC169
_222
100 1 _aCalvo, Wendy
_eautora
_985628
245 1 3 _aMis regalos :
_breflexiones diarias para conectar desde tus dones con tus propios regalos /
_cWendy Calvo
264 1 _aSanto Domingo :
_b[editor no identificado],
_c2024.
300 _a197 páginas
_c22 cm.
336 _2rdacontent
_atexto
_btxt
337 _2rdamedia
_asin mediación
_bn
338 _2rdacarrier
_avolumen
_bnc
500 _aIncluye datos biográficos de la autora en la pagina 198.
590 _aInventariado, 2024/ YL
910 _aYLockward
942 _2ddc
_cLBS1
999 _c56808
_d56808